| 000 | 00433pab a2200157 454500 | ||
|---|---|---|---|
| 008 | 180718b2002 xxu||||| |||| 00| 0 eng d | ||
| 100 | _aVerma, Romesh | ||
| 245 | _aPractice of distance education in the 21st century: a pragmatic approach | ||
| 260 | _c2002 | ||
| 300 | _ap.7-10. | ||
| 362 | _a23 Sep | ||
| 650 | _aDistance education - 21st century | ||
| 650 | _aDistance education | ||
| 773 | _aUniversity News | ||
| 909 | _a53888 | ||
| 999 |
_c53888 _d53888 |
||